[Event "Belgrade Vidovdan op"]
[Site "Belgrade"]
[Date "2023.06.28"]
[Round "5"]
[White "Vulinovic, Radivoje"]
[Black "Popchev, Milko"]
[Result "0-1"]
[WhiteElo "2186"]
[BlackElo "2223"]
[PlyCount "112"]
[EventDate "2023.06.26"]
[EventType "swiss"]
[EventRounds "6"]
[EventCountry "SRB"]
[SourceTitle "EXT 2024"]
[Source "ChessBase"]
[SourceDate "2023.10.10"]
[SourceVersion "1"]
[SourceVersionDate "2023.10.10"]
[SourceQuality "1"]

1. Nf3 d6 2. d4 Bg4 3. c4 c6 4. Nc3 Nf6 5. e4 e6 6. Be2 Be7 7. Be3 0-0 8. 0-0 d5 9. h3 Bh5 10. e5 Nfd7 11. Rc1 Bxf3 12. Bxf3 dxc4 13. Ne4 Nb6 14. h4 Na6 15. Bg5 Nb4 16. a3 Nd3 17. Rc2 Nd5 18. b3 cxb3 19. Rd2 Bxg5 20. Nxg5 h6 21. Ne4 N3f4 22. g3 Ng6 23. h5 Nge7 24. Qxb3 Rb8 25. Qd3 Nf5 26. Bd1 f6 27. Bc2 fxe5 28. dxe5 Qe7 29. Kh2 Rbd8 30. Nd6 Qg5 31. Nxf5 Rxf5 32. f4 Qxh5+ 33. Kg1 Rdf8 34. Bd1 Qg6 35. Rh2 Rg5 36. Qxg6 Rxg6 37. Rg2 Ne3 38. Bh5 Rg5 39. Rf3 Rxh5 40. Rxe3 Rd8 41. Rb2 Rd7 42. Kg2 Rf5 43. Re4 Rff7 44. Ra4 b6 45. Rc4 c5 46. a4 Rd5 47. a5 Rb7 48. axb6 axb6 49. Rb5 Kf7 50. Rc2 h5 51. Rcb2 c4 52. Rxb6 Rxb6 53. Rxb6 Rc5 54. Rb2 c3 55. Rc2 Kg6 56. Kh3 Kf5 0-1

[Event "Belgrade-chT Quality"]
[Site "Belgrade"]
[Date "2022.10.10"]
[Round "9.4"]
[White "Vulinovic, Radivoje"]
[Black "Stojanovic, Zoran H"]
[Result "1-0"]
[WhiteElo "2186"]
[BlackElo "2046"]
[PlyCount "99"]
[EventDate "2022.10.01"]
[EventType "team-tourn"]
[EventRounds "11"]
[EventCountry "SRB"]
[SourceTitle "EXT 2024"]
[Source "ChessBase"]
[SourceDate "2023.10.10"]
[SourceVersion "1"]
[SourceVersionDate "2023.10.10"]
[SourceQuality "1"]
[WhiteTeam "Belgrade Napredak"]
[BlackTeam "Belgrade Partizan"]
[WhiteTeamCountry "SRB"]
[BlackTeamCountry "SRB"]

1. Nf3 d6 2. d4 Nd7 3. c4 e5 4. Nc3 Ngf6 5. g3 c6 6. Qc2 a5 7. Bg2 g6 8. 0-0 Bg7 9. h3 0-0 10. e4 exd4 11. Nxd4 Nc5 12. Be3 Re8 13. Rad1 Qc7 14. Ndb5 cxb5 15. Nxb5 Qe7 16. Nxd6 Ncd7 17. Nxe8 Nxe8 18. Rfe1 Nf8 19. f4 Bd7 20. e5 Bc6 21. Bxc6 bxc6 22. Qe4 Qe6 23. Kg2 f5 24. Qd4 Qc8 25. Rd2 Ne6 26. Qd7 Bf8 27. Red1 Qxd7 28. Rxd7 Rb8 29. b3 a4 30. bxa4 Rb4 31. a5 Bc5 32. Bxc5 Nxc5 33. Rd8 Kf7 34. Ra8 Rb2+ 35. Kg1 Rxa2 36. Ra7+ Kf8 37. Rxh7 Ng7 38. Rd8+ Kf7 39. Ra8 Ra1+ 40. Kg2 Ra2+ 41. Kf1 Ra1+ 42. Ke2 Ra2+ 43. Kd1 Nce6 44. Rhh8 Nc7 45. Ra7 Nge6 46. Rh7+ Kf8 47. Raxc7 Nxc7 48. Rxc7 Rxa5 49. Rxc6 Kf7 50. Rd6 1-0

[Event "Belgrade Trophy 35th"]
[Site "Belgrade"]
[Date "2021.11.25"]
[Round "2"]
[White "Cansu, Batuhan"]
[Black "Vulinovic, Radivoje"]
[Result "1/2-1/2"]
[WhiteElo "1955"]
[BlackElo "2237"]
[PlyCount "102"]
[EventDate "2021.11.24"]
[EventType "swiss"]
[EventRounds "9"]
[EventCountry "SRB"]
[SourceTitle "CBM 205 Extra"]
[Source "ChessBase"]
[SourceDate "2022.01.31"]
[SourceVersion "1"]
[SourceVersionDate "2022.01.31"]
[SourceQuality "1"]

1. d4 d5 2. Nf3 Nf6 3. g3 e6 4. Bg2 Be7 5. 0-0 0-0 6. c4 dxc4 7. Ne5 Nc6 8. Nxc6 bxc6 9. Na3 Bxa3 10. bxa3 Nd5 11. Qa4 Nb6 12. Qxc6 Rb8 13. Qc5 Qd6 14. Rb1 Ba6 15. Bf4 Qxc5 16. dxc5 Na4 17. Bxc7 Rxb1 18. Rxb1 Nc3 19. Rb2 Nb5 20. Be5 f6 21. a4 Na3 22. Bc3 Rd8 23. Rd2 Rxd2 24. Bxd2 Nb1 25. Bc1 Nc3 26. Kf1 Nxa2 27. Ba3 Nc3 28. Bc6 Kf7 29. Ke1 Ke7 30. Bb2 Nd5 31. Bxd5 exd5 32. Kd2 Kd7 33. Bd4 Kc6 34. Kc3 Bc8 35. Kb4 Bf5 36. Kc3 a5 37. Be3 Bg4 38. f3 Bf5 39. Bd4 Bb1 40. Kb2 Bg6 41. Kc3 Be8 42. Kb2 Kb7 43. Ka3 Bd7 44. Bc3 Ka6 45. Bd4 Bh3 46. Kb2 Bf1 47. e3 Bg2 48. f4 Bf3 49. Bc3 Bd1 50. Ka3 Bc2 51. Bd2 Bd1 1/2-1/2

[Event "Belgrade Premier League"]
[Site "Belgrade"]
[Date "2021.10.12"]
[Round "11.5"]
[White "Djuric, Stefan"]
[Black "Vulinovic, Radivoje"]
[Result "1-0"]
[WhiteElo "2306"]
[BlackElo "2190"]
[PlyCount "68"]
[EventDate "2021.10.01"]
[EventType "team-tourn"]
[EventRounds "11"]
[EventCountry "SRB"]
[SourceTitle "CBM 204 Extra"]
[Source "ChessBase"]
[SourceDate "2021.11.30"]
[SourceVersion "1"]
[SourceVersionDate "2021.11.30"]
[SourceQuality "1"]
[WhiteTeam "Belgrade Crvena Zvezda"]
[BlackTeam "Belgrade Napredak"]
[WhiteTeamCountry "SRB"]
[BlackTeamCountry "SRB"]

1. d4 d5 2. Nf3 Nf6 3. c4 e6 4. g3 Be7 5. Bg2 0-0 6. 0-0 dxc4 7. Nc3 Nc6 8. e3 a6 9. Qe2 Na5 10. e4 b5 11. e5 Nd5 12. Ne4 Nc6 13. a4 Rb8 14. axb5 axb5 15. Rd1 Bb7 16. h4 Qe8 17. Bd2 Ncb4 18. h5 Nd3 19. h6 g6 20. Bg5 f6 21. exf6 Nxf6 22. Bxf6 Bxf6 23. Ra7 Bd8 24. Nc5 Bc6 25. Nxd3 cxd3 26. Rxd3 Rf6 27. Ne5 Bxg2 28. Kxg2 b4 29. Rf3 Rc8 30. b3 Be7 31. Qc4 Bd8 32. Re3 g5 33. Ng4 Rg6 34. d5 e5 1-0

[Event "Belgrade Premier League"]
[Site "Belgrade"]
[Date "2021.10.04"]
[Round "4.6"]
[White "Mihajlovic, Miodrag"]
[Black "Vulinovic, Radivoje"]
[Result "0-1"]
[WhiteElo "2095"]
[BlackElo "2190"]
[PlyCount "102"]
[EventDate "2021.10.01"]
[EventType "team-tourn"]
[EventRounds "11"]
[EventCountry "SRB"]
[SourceTitle "CBM 204 Extra"]
[Source "ChessBase"]
[SourceDate "2021.11.30"]
[SourceVersion "1"]
[SourceVersionDate "2021.11.30"]
[SourceQuality "1"]
[WhiteTeam "Belgrade Radnicki"]
[BlackTeam "Belgrade Napredak"]
[WhiteTeamCountry "SRB"]
[BlackTeamCountry "SRB"]

1. e4 e5 2. Nf3 Nf6 3. Nc3 Nc6 4. Bb5 Bb4 5. 0-0 0-0 6. d3 Bxc3 7. bxc3 d6 8. Bxc6 bxc6 9. h3 h6 10. Be3 c5 11. c4 Be6 12. Qd2 Nh7 13. Nh2 f5 14. exf5 Rxf5 15. f4 exf4 16. Rxf4 Rxf4 17. Bxf4 Qf6 18. Rf1 Rf8 19. Be3 Qg6 20. Rxf8+ Nxf8 21. Kh1 Bd7 22. Qf2 Bc6 23. Nf3 Qf6 24. Kh2 Ne6 25. Qg3 Kh7 26. Qg4 g6 27. Qg3 g5 28. Qg4 Bxf3 29. Qxf3 Qxf3 30. gxf3 Kg6 31. Kg3 Kf5 32. a4 Nd4 33. Bxd4 cxd4 34. f4 gxf4+ 35. Kf3 c6 36. a5 a6 37. Kf2 d5 38. cxd5 cxd5 39. Ke2 Kg6 40. Kf2 Kh5 41. Kf3 Kg5 42. Kg2 Kh4 43. Kf3 Kxh3 44. Kxf4 Kg2 45. Ke5 h5 46. Kxd4 h4 47. c4 dxc4 48. dxc4 h3 49. Kc5 h2 50. Kb6 h1Q 51. Kxa6 Qh6+ 0-1

[Event "Belgrade Serbia op"]
[Site "Belgrade"]
[Date "2021.07.05"]
[Round "5"]
[White "Vulinovic, Radivoje"]
[Black "Savicevic, Vlatko"]
[Result "0-1"]
[WhiteElo "2201"]
[BlackElo "2315"]
[PlyCount "99"]
[EventDate "2021.07.02"]
[EventType "swiss"]
[EventRounds "9"]
[EventCountry "SRB"]
[SourceTitle "CBM 203 Extra"]
[Source "ChessBase"]
[SourceDate "2021.09.30"]
[SourceVersion "1"]
[SourceVersionDate "2021.09.30"]
[SourceQuality "1"]

1. Nf3 d5 2. g3 Bg4 3. Bg2 Nd7 4. d4 c6 5. 0-0 Ngf6 6. Nbd2 e6 7. Re1 Be7 8. e4 0-0 9. c3 h6 10. Qb3 Qc7 11. c4 Rfe8 12. h3 Bh5 13. Ne5 Nxe5 14. dxe5 Qxe5 15. Qxb7 g5 16. g4 Bg6 17. Nf3 Qb8 18. Qxb8 Raxb8 19. exd5 exd5 20. Nd4 Bd6 21. Rxe8+ Rxe8 22. Be3 Be5 23. c5 Rc8 24. Rc1 Nd7 25. Bf1 Bf6 26. Rc3 Rc7 27. b4 Nf8 28. Rc1 Ne6 29. Rd1 Kf8 30. Rd2 Ke7 31. a4 Nxd4 32. Bxd4 Bxd4 33. Rxd4 Ke6 34. f4 gxf4 35. Rxf4 Ke5 36. Rf2 Kd4 37. Ba6 Kc3 38. Rf4 d4 39. h4 Bc2 40. h5 Bxa4 41. Kf2 Rd7 42. Bc8 Rd8 43. Bf5 Kxb4 44. Bd3 Kc3 45. Rf3 Bd1 46. Be2+ Kc2 47. Bxd1+ Kxd1 48. Rxf7 d3 49. Rxa7 d2 50. Ra1+ 0-1

[Event "Belgrade-chT"]
[Site "Belgrade"]
[Date "2019.09.25"]
[Round "3.6"]
[White "Damjanovic, Vuk"]
[Black "Vulinovic, Radivoje"]
[Result "1-0"]
[WhiteElo "2286"]
[BlackElo "2159"]
[PlyCount "67"]
[EventDate "2019.09.23"]
[EventType "team-tourn"]
[EventRounds "11"]
[EventCountry "SRB"]
[SourceTitle "EXT 2020"]
[Source "ChessBase"]
[SourceDate "2019.10.17"]
[SourceVersion "1"]
[SourceVersionDate "2019.10.17"]
[SourceQuality "1"]
[WhiteTeam "Grocka"]
[BlackTeam "Belgrade EDB"]
[WhiteTeamCountry "SRB"]
[BlackTeamCountry "SRB"]

1. d4 d5 2. c4 e6 3. Nc3 Be7 4. cxd5 exd5 5. Bf4 Nf6 6. e3 Bf5 7. Qb3 Nc6 8. Qxb7 Nb4 9. Rc1 0-0 10. Qxc7 Qxc7 11. Bxc7 Rfc8 12. Bf4 Ne4 13. a3 Nxc3 14. bxc3 Na2 15. Ra1 Rxc3 16. Rxa2 Rc1+ 17. Ke2 g5 18. Bg3 Bc8 19. Nf3 Ba6+ 20. Kd2 Rxf1 21. Rxf1 Bxf1 22. Ne1 Rc8 23. f3 f5 24. Be5 Rc6 25. g3 Bc4 26. Ra1 Rh6 27. h4 gxh4 28. gxh4 Rxh4 29. Ng2 Rh6 30. Nf4 Kf7 31. Nd3 Bd8 32. Bf4 Ba5+ 33. Ke2 Bxd3+ 34. Kxd3 1-0

[Event "Belgrade Trophy 32nd"]
[Site "Belgrade"]
[Date "2018.11.25"]
[Round "2"]
[White "Vulinovic, Radivoje"]
[Black "Rajkovic, Mladen"]
[Result "0-1"]
[WhiteElo "2163"]
[BlackElo "2355"]
[PlyCount "60"]
[EventDate "2018.11.24"]
[EventType "swiss"]
[EventRounds "9"]
[EventCountry "SRB"]
[SourceTitle "CBM 187 Extra"]
[Source "ChessBase"]
[SourceDate "2018.11.04"]
[SourceVersion "1"]
[SourceVersionDate "2018.11.04"]
[SourceQuality "1"]

1. Nf3 d5 2. g3 g6 3. Bg2 Bg7 4. d4 Nf6 5. 0-0 0-0 6. c4 dxc4 7. Na3 c3 8. bxc3 c5 9. Re1 Nc6 10. Bb2 Qb6 11. Nc4 Qa6 12. Nfe5 Nxe5 13. Nxe5 Nd7 14. Nd3 Rd8 15. Qc2 Qa5 16. Red1 c4 17. Nf4 Nb6 18. e4 Bd7 19. Re1 Ba4 20. Qc1 e5 21. Ne2 Rac8 22. f4 exd4 23. cxd4 c3 24. Ba3 Bxd4+ 25. Nxd4 Rxd4 26. f5 Rd2 27. Rb1 c2 28. Bb4 cxb1Q 29. Qxb1 Rxg2+ 30. Kxg2 Qe5 0-1

[Event "Belgrade-chT"]
[Site "Belgrade"]
[Date "2017.10.14"]
[Round "4.1"]
[White "Vulinovic, Radivoje"]
[Black "Savic, Mihailo S"]
[Result "1/2-1/2"]
[WhiteElo "2198"]
[BlackElo "2129"]
[PlyCount "63"]
[EventDate "2017.10.01"]
[EventType "team-tourn"]
[EventRounds "11"]
[EventCountry "SRB"]
[SourceTitle "CBM 181 Extra"]
[Source "ChessBase"]
[SourceDate "2017.12.12"]
[SourceVersion "1"]
[SourceVersionDate "2017.12.12"]
[SourceQuality "1"]
[WhiteTeam "Belgrade EDB"]
[BlackTeam "Vidikovac"]
[WhiteTeamCountry "SRB"]
[BlackTeamCountry "SRB"]

1. Nf3 Nf6 2. g3 d5 3. Bg2 c5 4. 0-0 Nc6 5. d4 e6 6. c4 dxc4 7. Qa4 Bd7 8. Qxc4 cxd4 9. Nxd4 Rc8 10. Nc3 Be7 11. Rd1 Qb6 12. Nxc6 Bxc6 13. Be3 Qa5 14. Rac1 0-0 15. Bxc6 Rxc6 16. Qb5 Qxb5 17. Nxb5 Rxc1 18. Rxc1 a6 19. Nc3 Rc8 20. f3 Kf8 21. Kf2 Bd6 22. Rd1 Ke7 23. Rd3 b5 24. a3 Rc6 25. Bd4 Bc5 26. Bxc5+ Rxc5 27. e4 Nd7 28. f4 Nb6 29. b3 f6 30. Kf3 Nd7 31. Ke3 Rc6 32. Ne2 1/2-1/2

[Event "Belgrade-chT"]
[Site "Belgrade"]
[Date "2017.10.01"]
[Round "1.1"]
[White "Tosic, Srecko"]
[Black "Vulinovic, Radivoje"]
[Result "1/2-1/2"]
[WhiteElo "2303"]
[BlackElo "2198"]
[PlyCount "35"]
[EventDate "2017.10.01"]
[EventType "team-tourn"]
[EventRounds "11"]
[EventCountry "SRB"]
[SourceTitle "CBM 181 Extra"]
[Source "ChessBase"]
[SourceDate "2017.12.12"]
[SourceVersion "1"]
[SourceVersionDate "2017.12.12"]
[SourceQuality "1"]
[WhiteTeam "Bogoslov"]
[BlackTeam "Belgrade EDB"]
[WhiteTeamCountry "SRB"]
[BlackTeamCountry "SRB"]

1. d4 d5 2. c4 e6 3. Nc3 Be7 4. Nf3 Nf6 5. cxd5 exd5 6. Bg5 c6 7. Qc2 g6 8. e3 Bf5 9. Bd3 Bxd3 10. Qxd3 Nbd7 11. 0-0 0-0 12. Rab1 a5 13. Qc2 Re8 14. Bf4 Nh5 15. Bh6 Nhf6 16. Bf4 Nh5 17. Bh6 Nhf6 18. Bf4 1/2-1/2

[Event "Belgrade Jezero op"]
[Site "Belgrade"]
[Date "2017.08.11"]
[Round "7"]
[White "Jakovljevic, Zivota"]
[Black "Vulinovic, Radivoje"]
[Result "0-1"]
[WhiteElo "2101"]
[BlackElo "2210"]
[PlyCount "158"]
[EventDate "2017.08.05"]
[EventType "swiss"]
[EventRounds "9"]
[EventCountry "SRB"]
[SourceTitle "CBM 180 Extra"]
[Source "ChessBase"]
[SourceDate "2017.10.06"]
[SourceVersion "1"]
[SourceVersionDate "2017.10.06"]
[SourceQuality "1"]

1. d4 d5 2. c4 e6 3. Nc3 Be7 4. Nf3 Nf6 5. Bg5 h6 6. Bh4 0-0 7. e3 b6 8. Bxf6 Bxf6 9. cxd5 exd5 10. Be2 Be6 11. 0-0 c5 12. Qd2 Nc6 13. Rfd1 cxd4 14. Nxd4 Nxd4 15. exd4 Qd6 16. Bf3 Rac8 17. Be2 Rfe8 18. g3 Bf5 19. Bb5 Re7 20. Re1 Bg5 21. f4 Bf6 22. Rxe7 Bxe7 23. Bf1 Bf6 24. Rd1 Bg4 25. Be2 Bxe2 26. Nxe2 Rc7 27. b3 Rc6 28. Rc1 Rxc1+ 29. Qxc1 Qe6 30. Kf2 Qe4 31. Qe3 Qc2 32. a4 g6 33. h4 Kg7 34. Kf3 h5 35. Qc3 Qxc3+ 36. Nxc3 Bxd4 37. Nxd5 f5 38. Nc7 Bb2 39. Nb5 a6 40. Nc7 a5 41. Nb5 Kf7 42. Ke3 Ke6 43. Kd3 Kd5 44. Nc7+ Kd6 45. Nb5+ Kc5 46. Nc7 Ba3 47. Ne6+ Kd5 48. Nc7+ Kc6 49. Ne6 Kd7 50. Nd4 Bb4 51. Nf3 Ke6 52. Ke2 Bd6 53. Nd4+ Ke7 54. Nf3 Kf6 55. Kd3 Bc5 56. Ke2 Kf7 57. Ne5+ Kg7 58. Nd7 Bd4 59. Nb8 Kf7 60. Nc6 Bf6 61. b4 axb4 62. Nxb4 Ke6 63. Kd3 Be7 64. Nc6 Bc5 65. Ke2 Bd6 66. Nd8+ Ke7 67. Nb7 Bb4 68. Kd3 Kd7 69. Kc4 Be1 70. a5 Bxa5 71. Nxa5 bxa5 72. Kb5 Kd6 73. Kxa5 Kd5 74. Kb5 Ke4 75. Kc5 Kf3 76. Kd5 Kxg3 77. Ke5 Kxh4 78. Kf6 Kg4 79. Kxg6 h4 0-1

[Event "Belgrade Jezero op"]
[Site "Belgrade"]
[Date "2017.08.09"]
[Round "5"]
[White "Mihajlovic, Miodrag"]
[Black "Vulinovic, Radivoje"]
[Result "1-0"]
[WhiteElo "2070"]
[BlackElo "2210"]
[PlyCount "51"]
[EventDate "2017.08.05"]
[EventType "swiss"]
[EventRounds "9"]
[EventCountry "SRB"]
[SourceTitle "CBM 180 Extra"]
[Source "ChessBase"]
[SourceDate "2017.10.06"]
[SourceVersion "1"]
[SourceVersionDate "2017.10.06"]
[SourceQuality "1"]

1. c4 e6 2. g3 d5 3. Bg2 Nf6 4. Nf3 Be7 5. Qc2 0-0 6. d4 c5 7. cxd5 Nxd5 8. dxc5 Na6 9. 0-0 Nxc5 10. Nc3 Nxc3 11. Qxc3 Bd7 12. Ne5 Bb5 13. Qe3 Qb6 14. b3 Bf6 15. Bb2 Rac8 16. Rac1 Qd6 17. Nc4 Qe7 18. Bxf6 gxf6 19. Qf4 Rfd8 20. Qh4 Bc6 21. Bxc6 Rxc6 22. Ne5 Rcc8 23. Ng4 Ne4 24. f3 Ng5 25. Qh6 Rxc1 26. Rxc1 1-0

[Event "Belgrade Trophy 30th"]
[Site "Belgrade"]
[Date "2016.12.01"]
[Round "8"]
[White "Velickovic, Sasa"]
[Black "Vulinovic, Radivoje"]
[Result "1-0"]
[WhiteElo "2312"]
[BlackElo "2201"]
[PlyCount "103"]
[EventDate "2016.11.24"]
[EventType "swiss"]
[EventRounds "9"]
[EventCountry "SRB"]
[SourceTitle "CBM 175 Extra"]
[Source "ChessBase"]
[SourceDate "2016.12.12"]
[SourceVersion "1"]
[SourceVersionDate "2016.12.12"]
[SourceQuality "1"]

1. e4 e5 2. Nf3 Nf6 3. Nxe5 d6 4. Nc4 Nxe4 5. Nc3 Nxc3 6. bxc3 Nd7 7. d4 Nb6 8. Ne3 g6 9. a4 a5 10. Bb5+ Bd7 11. Qf3 c6 12. Bd3 Be7 13. 0-0 0-0 14. Bd2 Bf6 15. Rfb1 Bg7 16. Qg3 Be6 17. Nf1 Re8 18. Bg5 Qc7 19. Qh4 Nd5 20. Ra3 Rab8 21. c4 Nb4 22. Ne3 Nxd3 23. Rxd3 b6 24. h3 Qd7 25. Rdb3 Qc7 26. Bf6 c5 27. Bxg7 Kxg7 28. Qf4 f6 29. h4 h5 30. dxc5 bxc5 31. Rb5 Rxb5 32. cxb5 Qd7 33. c4 Bf7 34. Rd1 Re5 35. Qf3 Re8 36. Rd2 f5 37. Qg3 Re4 38. Rxd6 f4 39. Qxf4 Rxf4 40. Rxd7 Kf6 41. g3 Re4 42. Ra7 Bxc4 43. b6 Be6 44. Rxa5 Rb4 45. Rxc5 Rxb6 46. Nd5+ Bxd5 47. Rxd5 Rb1+ 48. Kg2 Ra1 49. a5 Ra2 50. Rg5 Kf7 51. Kf3 Kf6 52. Ke3 1-0

[Event "Belgrade Trophy 30th"]
[Site "Belgrade"]
[Date "2016.11.30"]
[Round "7"]
[White "Vulinovic, Radivoje"]
[Black "Rajkovic, Dusan"]
[Result "1/2-1/2"]
[WhiteElo "2201"]
[BlackElo "2374"]
[PlyCount "146"]
[EventDate "2016.11.24"]
[EventType "swiss"]
[EventRounds "9"]
[EventCountry "SRB"]
[SourceTitle "CBM 175 Extra"]
[Source "ChessBase"]
[SourceDate "2016.12.12"]
[SourceVersion "1"]
[SourceVersionDate "2016.12.12"]
[SourceQuality "1"]

1. Nf3 Nf6 2. g3 b5 3. Bg2 Bb7 4. 0-0 e6 5. d3 Be7 6. Nbd2 0-0 7. e4 d6 8. Nd4 c6 9. e5 dxe5 10. Nxb5 Nd5 11. Nc3 Bb4 12. Nc4 Nd7 13. Bd2 Be7 14. Qh5 Qc7 15. Rfe1 g6 16. Qe2 Bf6 17. Bh6 Rfd8 18. Ne4 Bg7 19. Bxg7 Kxg7 20. Bh3 Re8 21. Rab1 f6 22. a3 Re7 23. Qd2 c5 24. Bg2 N5b6 25. Na5 Ba6 26. c4 Rd8 27. b4 f5 28. Ng5 Nb8 29. Qc3 cxb4 30. axb4 Nd5 31. Qa1 Nf6 32. b5 Bc8 33. Rb3 h6 34. Nf3 Bb7 35. Nxb7 Qxb7 36. Nxe5 Qc7 37. Ra3 Qc5 38. Rb3 Rd6 39. Qa3 Nfd7 40. Qxc5 Nxc5 41. Ra3 a6 42. Rb1 Kf6 43. f4 g5 44. Kf2 Rg7 45. Bf3 gxf4 46. gxf4 Nbd7 47. bxa6 Nxa6 48. d4 Rxd4 49. Nxd7+ Rgxd7 50. Rxa6 Rxf4 51. Re1 Rxc4 52. Raxe6+ Kg5 53. R1e2 Rd3 54. R6e3 Rxe3 55. Kxe3 Rc3+ 56. Kf2 Kf4 57. Bg2 Ra3 58. Rb2 Ra4 59. Bf1 h5 60. Be2 h4 61. Rb8 Kg5 62. Rg8+ Kf4 63. Rh8 Kg5 64. Rd8 Kf4 65. Rc8 Rb4 66. Rc3 Ra4 67. Bd3 Kg4 68. Be2+ Kf4 69. Bd1 Rd4 70. Be2 Rb4 71. h3 Ra4 72. Rf3+ Kg5 73. Bd3 Rf4 1/2-1/2

[Event "Belgrade Trophy 30th"]
[Site "Belgrade"]
[Date "2016.11.27"]
[Round "4"]
[White "Vulinovic, Radivoje"]
[Black "Djurdjevic, Petar S"]
[Result "1-0"]
[WhiteElo "2201"]
[BlackElo "1957"]
[PlyCount "51"]
[EventDate "2016.11.24"]
[EventType "swiss"]
[EventRounds "9"]
[EventCountry "SRB"]
[SourceTitle "CBM 175 Extra"]
[Source "ChessBase"]
[SourceDate "2016.12.12"]
[SourceVersion "1"]
[SourceVersionDate "2016.12.12"]
[SourceQuality "1"]

1. Nf3 d5 2. g3 g6 3. Bg2 Bg7 4. d4 Nf6 5. c4 c6 6. cxd5 cxd5 7. Nc3 0-0 8. Ne5 a6 9. 0-0 b5 10. Qb3 e6 11. Bg5 Qb6 12. e3 Nbd7 13. Bf4 Nh5 14. Nxd7 Bxd7 15. Na4 Qa7 16. Nc5 Nxf4 17. gxf4 Bc6 18. Qc3 Rfc8 19. b4 Qe7 20. Rfc1 f6 21. Qb3 f5 22. Nxe6 Kh8 23. Nxg7 Kxg7 24. Bxd5 Bxd5 25. Qxd5 Rxc1+ 26. Rxc1 1-0